Collateral damage / Fern Michaels.
Record details
- ISBN: 9780758227157 (hardcover)
- ISBN: 0758227159 (hardcover)
- Physical Description: 249 pages ; 22 cm.
- Publisher: New York : Kensington, c2008.
Search for related items by subject
| Subject: | Female friendship > Fiction. Computer hackers > Fiction. Pardon > Fiction. Adventure stories. |
Search for related items by series
| LDR | 00829pam a2200265 a 4500 | ||
|---|---|---|---|
| 001 | 130378 | ||
| 003 | CONS | ||
| 005 | 20160215120444.0 | ||
| 008 | 080414s2008 nyu 000 1 eng | ||
| 020 | . | ‡a9780758227157 (hardcover) | |
| 020 | . | ‡a0758227159 (hardcover) | |
| 035 | . | ‡a(CPomAG)LMN500448 | |
| 050 | 4. | ‡aPS3563.I27 ‡bC65 2008 | |
| 082 | 0 | 4. | ‡a813/.6 ‡222 |
| 100 | 1 | . | ‡aMichaels, Fern. |
| 245 | 1 | 0. | ‡aCollateral damage / ‡cFern Michaels. |
| 260 | . | ‡aNew York : ‡bKensington, ‡cc2008. | |
| 300 | . | ‡a249 pages ; ‡c22 cm. | |
| 650 | 0. | ‡aFemale friendship ‡vFiction. | |
| 650 | 0. | ‡aComputer hackers ‡vFiction. | |
| 650 | 0. | ‡aPardon ‡vFiction. | |
| 650 | 0. | ‡aAdventure stories. | |
| 830 | 0. | ‡aSisterhood | |
| 959 | . | ‡i32269000804883 ‡lF Mic ‡aAdult - Fiction ‡tFiction ‡g28.00 | |
| 852 | . | ‡p32269000804883 ‡jF Mic ‡gAdult - Fiction ‡cFiction ‡y28.00 ‡bSBPL | |
| 901 | . | ‡a130378 ‡bUnknown ‡c130378 ‡tbiblio | |